[Event "London Classic op U2050-A 11th"]
[Site "London"]
[Date "2019.12.01"]
[Round "4"]
[White "Manuchehri, Alireza"]
[Black "Murawski, Pawel"]
[Result "1-0"]
[WhiteElo "1786"]
[BlackElo "1260"]
[PlyCount "83"]
[EventDate "2019.11.29"]
[EventType "swiss"]
[EventRounds "5"]
[EventCountry "ENG"]
[SourceTitle "CBM 195 Extra"]
[Source "ChessBase"]
[SourceDate "2020.05.31"]
[SourceVersion "1"]
[SourceVersionDate "2020.05.31"]
[SourceQuality "1"]

1. e4 e5 2. Nf3 Nc6 3. d4 exd4 4. Nxd4 Bc5 5. Be3 Qf6 6. Nb5 Bxe3 7. fxe3 Qh4+ 8. g3 Qxe4 9. Nxc7+ Kd8 10. Nxa8 Qxh1 11. Qd6 Nge7 12. Nd2 Qd5 13. Qc7+ Ke8 14. Qxc8+ Nxc8 15. Nc7+ Kd8 16. Nxd5 N8e7 17. Nxe7 Kxe7 18. 0-0-0 Nb4 19. a3 Nd5 20. e4 Ne3 21. Re1 Ng4 22. h3 Ne5 23. Nc4 Nf3 24. Re3 Nd4 25. Rd3 Nc6 26. Nd6 Ne5 27. Nf5+ Kd8 28. Rd5 Nf3 29. Nxg7 Rg8 30. Nf5 Re8 31. Bd3 h6 32. b3 Ng5 33. Nd6 Re6 34. h4 Nf3 35. Nxb7+ Kc7 36. Nc5 Rg6 37. Rxd7+ Kc6 38. Rxf7 Rxg3 39. b4 Rh3 40. Rf6+ Kc7 41. Rxh6 Rh1+ 42. Kb2 1-0

[Event "London Classic op U2050-A 11th"]
[Site "London"]
[Date "2019.11.30"]
[Round "2"]
[White "Shepley, Julien M"]
[Black "Murawski, Pawel"]
[Result "1/2-1/2"]
[WhiteElo "1916"]
[BlackElo "1260"]
[PlyCount "95"]
[EventDate "2019.11.29"]
[EventType "swiss"]
[EventRounds "5"]
[EventCountry "ENG"]
[SourceTitle "CBM 195 Extra"]
[Source "ChessBase"]
[SourceDate "2020.05.31"]
[SourceVersion "1"]
[SourceVersionDate "2020.05.31"]
[SourceQuality "1"]

1. e4 e5 2. Nc3 Nc6 3. Bc4 Bc5 4. Qg4 Qf6 5. Nd5 Qxf2+ 6. Kd1 Bf8 7. Nh3 Qd4 8. d3 Qc5 9. Nxc7+ Kd8 10. Nxa8 d5 11. Qh4+ Be7 12. Qg3 dxc4 13. Be3 Qd6 14. Qxg7 Bxh3 15. gxh3 Bf6 16. Bg5 cxd3 17. c3 Bxg5 18. Qxg5+ Qf6 19. Qe3 Qd6 20. Kd2 Nf6 21. Rae1 Kd7 22. Nb6+ axb6 23. Qxb6 Kc8 24. Rhg1 Nh5 25. a4 Qh6+ 26. Re3 Nf4 27. Rgg3 Qe6 28. a5 Qa2 29. a6 Qxa6 30. Qxa6 bxa6 31. Rg7 Na5 32. Rxd3 Nc4+ 33. Kc2 Nxd3 34. Kxd3 Nd6 35. b4 Kc7 36. c4 Rd8 37. Rxh7 Rg8 38. c5 Nb5 39. Rxf7+ Kc6 40. Rf6+ Kb7 41. Re6 Rh8 42. Rxe5 Rxh3+ 43. Kc4 Rxh2 44. Re7+ Nc7 45. Rg7 Rh4 46. Kd4 Kc6 47. Rg6+ Kb7 48. Rg7 1/2-1/2